02018naa a2200193 a 450000100080000000500110000800800410001902200140006010000160007424501630009026000090025352013690026265300170163165300130164865300120166165300160167370000250168977301100171411207642014-04-30 1997 bl uuuu u00u1 u #d a0103-667X1 aHECK, T. C. aEfeito de sete tratamentos pr??-germinativos na germina????o de sementes de grevilha (Grevillea robusta A. Cunn. ex R. Br.) Proteaceae.h[electronic resource] c1997 aO presente trabalho teve como objetivo avaliar tratamentos pr??-germinativos para uniformizar a germina????o em sementes de quatro plantas (A,B,C,D) de Grevillea robusta A. Cunn.. As sementes foram submetidas aos seguintes tratamentos: imers??o em solu????o de KNO3 a 0,2% durante 24 horas; substrato umedecido em solu????o de KNO3 a 0,2%; pr??-esfriamento ?? temperatura de +ou- 5oC durante sete dias; imers??o em ??gua durante 48 horas; lavagem com ??gua corrente por 24 horas e lavagem com ??gua corrente por 48 horas. Ap??s, foram colocadas para germinar a +ou ? 30oC, com fotoper??odo regulado em 9 horas luz e 15 horas de escuro. Os par??metros avaliados no teste de germina????o foram as percentagens de pl??ntulas normais, sementes firmes e deterioradas num per??odo de 28 dias. Quando o substrato ?? umedecido em solu????o de KNO3 a 0,2%, ocorre uma inibi????o na germina????o das sementes dessa esp??cie. Observou-se que as sementes das plantas A e B apresentaram altas percentagens de pl??ntulas normais, sendo que a planta C apresentou altas percentagens de sementes deterioradas e a planta D altas percentagens de sementes firmes. Os resultados permitem concluir que a imers??o das sementes em solu????o KNO3 a 0,2% durante 24 horas, aumenta e acelera a germina????o. Na sele????o de uma planta matriz ?? fundamental a analise da qualidade da semente. agermima????o aGrevilha aSemente aviabilidade1 aDELACHIAVE, M. E. A. tIn: CONGRESSO BRASILEIRO DE SEMENTES, 10., 1997, Foz do Igua??u, PR. Curitiba, PR: ABRATES, 1997. p. 103.